| 000 | 00423nam a2200181Ia 4500 | ||
|---|---|---|---|
| 001 | 3133 | ||
| 005 | 20260306144858.0 | ||
| 008 | 260306t1997||||xx |||||||||||||| ||spa|| | ||
| 041 | _aESP | ||
| 082 |
_a261.6 _bP81 |
||
| 100 |
_aPoupard, Paúl _eAUT |
||
| 245 | 0 | _aUniversita cultura evangelizzazione | |
| 260 | _c1997 | ||
| 300 |
_a91 páginas : _c20 cm. |
||
| 650 | _aGEN | ||
| 654 | _aCHU | ||
| 942 |
_cLIB _dJUS _fJUS _2ddc _n |
||
| 999 |
_c3133 _d3133 |
||